| 000 | 00775nam a22002417a 4500 | ||
|---|---|---|---|
| 003 | UA-OsUOA | ||
| 001 | 110623 | ||
| 007 | ta | ||
| 008 | 20150326b un ||||| |||| 00| 0 ukr d | ||
| 100 | _aКоломієць М. П. | ||
| 700 | _aРегушевський Є. С. | ||
| 090 |
_a81'373.421 _bК61 |
||
| 942 | _cBK | ||
| 040 |
_aUA-OsUOA _bukr _cUA-OsUOA _dUA-OsUOA |
||
| 245 |
_aСловник фразеологічних синонімів _cЗа ред. В. О. Винника |
||
| 300 | _a200 с. | ||
| 955 | _a2 | ||
| 041 | _aukr | ||
| 080 | _a81'373.421 | ||
| 260 |
_aК. _bРадянська школа _c1988 |
||
| 650 | 7 |
_a8 Мовознавство. Художня література. Літературознавство _2UDC |
|
| 999 |
_c396817 _d396817 |
||